The Beautiful Truth (Record no. 335098)
[ view plain ]
| 000 -LEADER | |
|---|---|
| fixed length control field | 00527nam a2200097Ia 4500 |
| 008 - FIXED-LENGTH DATA ELEMENTS--GENERAL INFORMATION | |
| fixed length control field | 170517s9999 xx 000 0 und d |
| 245 #4 - TITLE STATEMENT | |
| Title | The Beautiful Truth |
| 300 ## - PHYSICAL DESCRIPTION | |
| Extent | Raised on a wildlife reserve in Alaska, 15-year old Garrett was interested in the dietary habits of their animals. After the tragic death of his mother, Garrett s father decided to home-school his son and assigned a book written by Dr. Max Gerson that proposes a direct... |
| 650 ## - SUBJECT ADDED ENTRY--TOPICAL TERM | |
| General subdivision | Technology. |
| 856 ## - ELECTRONIC LOCATION AND ACCESS | |
| Uniform Resource Identifier | <a href="http://topdocumentaryfilms.com/beautiful-truth/">http://topdocumentaryfilms.com/beautiful-truth/</a> |
| Withdrawn status | Lost status | Damaged status | Home library | Current library | Date acquired | Total Checkouts | Date last seen | Price effective from | Koha item type |
|---|---|---|---|---|---|---|---|---|---|
| College Library | College Library | 05/17/2017 | 05/17/2017 | 05/17/2017 | Documentary Films |